Freemans plc v Park Street Properties (Lincoln) Ltd (Record no. 71628)

MARC details
000 -LEADER
fixed length control field 00981cam a2200205 4500
001 - CONTROL NUMBER
control field X120568
008 - FIXED-LENGTH DATA ELEMENTS--GENERAL INFORMATION
fixed length control field 021125n2002 000 0 eng u
035 ## - SYSTEM CONTROL NUMBER
System control number (Sirsi) u120568
245 ## - TITLE STATEMENT
Title Freemans plc v Park Street Properties (Lincoln) Ltd
260 ## - PUBLICATION, DISTRIBUTION, ETC.
Date of publication, distribution, etc. 2002
490 ## - SERIES STATEMENT
Series statement Property, Planning and Compensation Reports
Volume/sequential designation [2002] 2 P&CR 444-481(38)
490 ## - SERIES STATEMENT
Series statement HIgh Court (Queens Bench Division)
Volume/sequential designation [2002] EWHC 477
520 ## - SUMMARY, ETC.
Summary, etc. QBD 26 Mar h 2002. Lease of warehouse. Lessee upgraded floor but produce used not fit for purpose. Floor was damaged with subsequenet floods to warehouse. Owner of adjacent land failed to maintain culvert. Concerned with whether owner of adjacent land liable and whether flooding had cuased additional damage to floors. (Adapted from headnote)
650 ## - SUBJECT ADDED ENTRY--TOPICAL TERM
Topical term or geographic name entry element FREEMANS PLC V PARK STREET PROPERTIES (LINCOLN) LTD
650 ## - SUBJECT ADDED ENTRY--TOPICAL TERM
Topical term or geographic name entry element FLOODING
650 ## - SUBJECT ADDED ENTRY--TOPICAL TERM
Topical term or geographic name entry element FLOORING
650 ## - SUBJECT ADDED ENTRY--TOPICAL TERM
Topical term or geographic name entry element LIABILITY
690 ## - LOCAL SUBJECT ADDED ENTRY--TOPICAL TERM (OCLC, RLIN)
Topical term or geographic name as entry element PROPERTY AND LAND LAW-CASE LAW
942 ## - ADDED ENTRY ELEMENTS (KOHA)
Suppress in OPAC 0
Holdings
Withdrawn status Lost status Source of classification or shelving scheme Damaged status Not for loan Home library Current library Shelving location Date acquired Total Checkouts Full call number Barcode Date last seen Copy number Price effective from Koha item type
    Dewey Decimal Classification     London London Journal article 25/11/2002   X120568 120568-1001 06/08/2019 1 06/08/2019 Law report